The Novels of Toni Morrison: African American Womanist Thought/ (Record no. 190221)

MARC details
000 -LEADER
fixed length control field 00534nam a22001817a 4500
005 - DATE AND TIME OF LATEST TRANSACTION
control field 20220720163240.0
010 ## - LCCN (DPL NO)
LC control number ENG-133738
020 ## - INTERNATIONAL STANDARD BOOK NUMBER
International Standard Book Number 9788177359339
Terms of availability 70.00
035 ## - SYSTEM CONTROL NUMBER
System control number EN-117270
037 ## - SOURCE OF ACQUISITION
Source of stock number/acquisition DBAD/PUB
082 ## - DEWEY DECIMAL CLASSIFICATION NUMBER
Classification number N
100 ## - MAIN ENTRY--PERSONAL NAME
Personal name Vadivambika, S.
245 ## - TITLE STATEMENT
Title The Novels of Toni Morrison: African American Womanist Thought/
Statement of responsibility, etc S. Vadivambika
260 ## - PUBLICATION, DISTRIBUTION, ETC. (IMPRINT)
Place of publication, distribution, etc Chennai
Name of publisher, distributor, etc Pavai Publications
Date of publication, distribution, etc 2010
270 ## - ADDRESS
Address 142, Jani Jan Khan Road, Royapettah
City Chennai
Postal code 600014
300 ## - PHYSICAL DESCRIPTION
Extent 157p.
Dimensions 21cm(pbk)
942 ## - ADDED ENTRY ELEMENTS (KOHA)
Source of classification or shelving scheme Dewey Decimal Classification
Item type English Books
Classification part N
Call number suffix VAD
Holdings
Withdrawn status Lost status Not for loan Collection code Home library Current library Date acquired Source of acquisition Cost, normal purchase price Full call number Barcode Copy number Cost, replacement price Koha item type
      Non-fiction Ashok Vihar Ashok Vihar 20/07/2022 DBAD/PUB 70.00 N VAD EN-117270 1 70.00 English Books

© Delhi Public Library
Hit Counter
free hit counter